401 al 450. Decretos leyes dictados por la Junta de Gobierno de la República de Chile

Uloženo v:
Podrobná bibliografie
Médium: Kniha
Jazyk:španělština
Vydáno: Santiago Jurídica de Chile 1975
Vydání:2a. ed
Edice:Textos Legales, 9
Témata:
Tagy: Přidat tag
Žádné tagy, Buďte první, kdo vytvoří štítek k tomuto záznamu!

MARC

LEADER 00000nam a2200000 a 4500
001 UCR0840
003 CL-VaPUC
008 971205e19750000CL |||||||||||||||||spa|d
082 0 4 |a 348.022  |b DEC  |2 21 
245 1 0 |a 401 al 450. Decretos leyes dictados por la Junta de Gobierno de la República de Chile 
250 |a 2a. ed 
300 |a 368 p 
942 |c BK 
945 |d 19971205 00:00:00  |a lriquelm 
260 |a Santiago  |b Jurídica de Chile  |c 1975 
650 7 |a LEGISLACION  |2 CL-VaPUC  |9 397298 
650 7 |a FUENTES  |2 CL-VaPUC  |9 255666 
650 7 |a DERECHO CHILENO  |2 CL-VaPUC  |9 397299 
650 7 |a DECRETO LEY  |2 CL-VaPUC  |9 382553 
651 7 |a CHILE  |2 CL-VaPUC  |9 397300 
583 |a last modification  |c 19971205 00:00:00  |k Rodrigo Vera 
490 0 |a Textos Legales, 9 
999 |c 264338  |d 264336